000
00364nam a2200133Ia 4500
008
100328s9999 xx 000 0 und d
082
_b
68906
100
_a
ओक सुनेत्रा.
245
_a
मनस्पर्श.
260
_b
अक्षता.
630
_a
मनस्पर्श.
730
_a
मनस्पर्श.
942
_c
BOOK
999
_c
554640
_d
554637